| 000 | 00747nam a22002177a 4500 | ||
|---|---|---|---|
| 999 |
_c182089 _d182089 |
||
| 005 | 20220216154159.0 | ||
| 010 | _aENG-130055 | ||
| 020 |
_a978-93-90122-58-5 _c425.00 |
||
| 035 | _aEN-113587 | ||
| 037 | _bDBAD/PUB | ||
| 082 | _a894.827371 | ||
| 100 | _aKutumbarao,Akkineni | ||
| 245 |
_aSoftly Dies a Lake/ _cby Jason Keith Fernandes/tranlated by Vasanth Kannabiran |
||
| 250 | _a2020 | ||
| 260 |
_bOrient Blackswan _c2020 _aIndia |
||
| 270 |
_a3-6-752 Himayatnagar _e500029 _bHyderabad _mcentraloffice@orientblackswan.com |
||
| 300 |
_axxii,200p. _c21cm (hbk) |
||
| 500 | _aInclude glossary forword by Kalpana kannabiran | ||
| 700 | _a Kannabiran Vasanth , kannabiran Kalpana | ||
| 942 |
_2ddc _cEN _h894.827371 _mKUT |
||